Talleres creativos (Record no. 13205)

MARC details
000 -LEADER
campo de control de longitud fija 00924nmm a2200325 a 4500
003 - IDENTIFICADOR DE NÚMERO DE CONTROL
campo de control AR-BaBNM
005 - FECHA Y HORA DE LA ÚLTIMA TRANSACCIÓN
campo de control 20251128205910.0
008 - DATOS DE LONGITUD FIJA--INFORMACIÓN GENERAL
campo de control de longitud fija 058019s1994 ||||||||||||||000 | spa||
020 ## - NÚMERO INTERNACIONAL ESTÁNDAR DEL LIBRO
Número Internacional Estándar del Libro 950-9896-59-4
040 ## - FUENTE DE CATALOGACIÓN
Centro/agencia transcriptor AR-BaBNM
100 1# - ENTRADA PRINCIPAL--NOMBRE DE PERSONA
Nombre de persona Griffoi, Lucio
245 10 - MENCIÓN DEL TÍTULO
Título Talleres creativos
Resto del título estudios sociales 1er ciclo
250 ## - MENCION DE EDICION
Mención de edición 1ª ed.
260 ## - PUBLICACIÓN, DISTRIBUCIÓN, ETC.
Lugar de publicación, distribución, etc. Buenos Aires
Nombre del editor, distribuidor, etc. Ediciones Docentes Argentinas
Fecha de publicación, distribución, etc. 1994
300 0# - DESCRIPCIÓN FÍSICA
Extensión 346 p.
Otros detalles físicos il.
650 #4 - PUNTO DE ACCESO ADICIONAL DE MATERIA--TÉRMINO DE MATERIA
Término de materia o nombre geográfico como elemento de entrada CREATIVIDAD
650 #4 - PUNTO DE ACCESO ADICIONAL DE MATERIA--TÉRMINO DE MATERIA
Término de materia o nombre geográfico como elemento de entrada ESTUDIOS SOCIALES
650 #4 - PUNTO DE ACCESO ADICIONAL DE MATERIA--TÉRMINO DE MATERIA
Término de materia o nombre geográfico como elemento de entrada DESARROLLO DE LA CREATIVIDAD
650 #4 - PUNTO DE ACCESO ADICIONAL DE MATERIA--TÉRMINO DE MATERIA
Término de materia o nombre geográfico como elemento de entrada JUEGOS EDUCATIVOS
650 #4 - PUNTO DE ACCESO ADICIONAL DE MATERIA--TÉRMINO DE MATERIA
Término de materia o nombre geográfico como elemento de entrada ACTIVIDADES INTEGRADAS
650 #4 - PUNTO DE ACCESO ADICIONAL DE MATERIA--TÉRMINO DE MATERIA
Término de materia o nombre geográfico como elemento de entrada ACTIVIDADES DE APRENDIZAJE
650 #4 - PUNTO DE ACCESO ADICIONAL DE MATERIA--TÉRMINO DE MATERIA
Término de materia o nombre geográfico como elemento de entrada APRENDIZAJE MEDIANTE EL DESCUBRIMIENTO
653 #0 - TÉRMINO DE INDIZACIÓN--NO CONTROLADO
Término no controlado EDUCACION GENERAL BASICA
653 #0 - TÉRMINO DE INDIZACIÓN--NO CONTROLADO
Término no controlado CONTENIDOS BASICOS COMUNES
653 #0 - TÉRMINO DE INDIZACIÓN--NO CONTROLADO
Término no controlado TALLERES EDUCATIVOS
653 #0 - TÉRMINO DE INDIZACIÓN--NO CONTROLADO
Término no controlado AULA-TALLER
700 1# - ENTRADA AGREGADA--NOMBRE PERSONAL
Nombre de persona Wapner, David
942 ## - ELEMENTOS DE ENTRADA SECUNDARIOS (KOHA)
Tipo de ítem Koha Libros
998 ## - INFORMACIÓN DE CONTROL LOCAL (RLIN)
Iniciales del catalogador, CIN (RLIN) Carmen
Holdings
Estatus retirado Estado de pérdida Fuente de la clasificación o esquema de estantería Estado de daño Restricciones de uso No para préstamo Biblioteca de origen Biblioteca actual Fecha de adquisición Total de préstamos Signatura topográfica completa Código de barras Visto por última vez Precio de reemplazo Tipo de ítem Koha
    Clasificación Decimal Dewey   Acceso restringido No para préstamo Liberty Liberty 28/11/2025   372.83 GRI 1 114089 28/11/2025 28/11/2025 Libros